000 00475nam a2200181Ia 4500
008 090123s9999 xx 000 0 und d
082 _b14673
_a891.463/थोरे
100 _aथोरे अशोक
245 _aअटॅक
250 _a1
260 _bपूजा प्रकाशन
300 _a158
600 _aथोरे अशोक
630 _aअटॅक
700 _aथोरे अशोक
730 _aअटॅक
942 _cBOOK
999 _c52734
_d52734